| 000 | 01600cam a2200229 4500 | ||
|---|---|---|---|
| 001 | WB3710-28 | ||
| 008 | 000000n2001 000 0 eng u | ||
| 035 | _a(Sirsi) u111302 | ||
| 245 | _aSet-off against rent | ||
| 260 | _c2001 | ||
| 490 |
_aEstates Gazette _v[2001] EGCS 25 (1) (03/03/01) |
||
| 520 | _a"Fuller v Happy Shopper Markets Ltd and another" ChD 14 February 2001. A occupied a shop with residential accommodation, which he held on a 21 year lease granted by B. In January 1994 the shop was severely damaged by a storm. A continued to pay the full rent until September 1995, but then ceased his payments. Under the insurance provisions of the lease only 30-40% of the rent was payable while the shop was in disrepair. A made no demand for repayment. In February 1997 B levyed distress for arrears of rent, and the bailiffs sold the goods in the shop, allegedly undervaluing them. A claimed the distress was unlawful, as B was bound to return earlier rent payments mistakenly made. The court considered whether B should have been notified of A's claim beforehand, and whether A had an immediate right to repayment at the date of distress. Implications of article 8 of the European Convention of Human Rights were also considered. Court ruled in favour of A. | ||
| 590 | _aWB | ||
| 650 | _aFULLER V HAPPY SHOPPER MARKETS | ||
| 650 | _aEQUITABLE SET-OFF | ||
| 650 | _aRENT | ||
| 650 | _aDISTRESS | ||
| 650 | _aDISREPAIR | ||
| 650 | _aCONVENTION FOR THE PROTECTION OF HUMAN RIGHTS AND FUNDAMENTAL FREEDOMS ART 8 | ||
| 690 | _aPROPERTY-LANDLORD AND TENANT | ||
| 942 | _n0 | ||
| 999 |
_c66323 _d66323 |
||